Word Ladder: Multiple Choice Quiz Stats

 Plays Quiz Updated Jan 10, 2017

Support Sporcle.
Go Orange.
Score 0/16 Timer 01:30
2 Plays Today
Question Answer Wrong Answers
Rung One: START ???
100%
???
0%
???
0%
???
0%
STARS ???
84.4%
???
5.4%
???
4.2%
???
4.5%
SOARS ???
80.1%
???
1.3%
???
1.2%
???
1.5%
SOAKS ???
76.3%
???
0.9%
???
2.2%
???
0.5%
SOCKS ???
73.3%
???
1.4%
???
0.2%
???
1.2%
ROCKS ???
70.5%
???
1.7%
???
0.4%
???
0.7%
RACKS ???
64.7%
???
1%
???
3.5%
???
1.1%
RACES ???
62.2%
???
1.6%
???
0.6%
???
0.2%
PACES ???
61%
???
0.9%
???
0%
???
0.2%
PAGES ???
60.3%
???
0.3%
???
0.1%
???
0.2%
WAGES ???
58.9%
???
0.7%
???
0.4%
???
0%
WAGER ???
56.9%
???
0.4%
???
0.6%
???
0.4%
WATER ???
55.2%
???
0.6%
???
0.1%
???
0.3%
EATER ???
51.5%
???
0.6%
???
0.9%
???
1%
ENTER ???
48.8%
???
0.6%
???
0.4%
???
0.2%
ENDER ???
46.8%
???
0.1%
???
0.3%
???
0%

You're not logged in!

Compare scores with friends on all Sporcle quizzes.
OR
Log In
Forgot?

From the Vault

Olympic Medal Table: Figure Skating

by Sporclympics

Ice skates always seemed really dangerous to us.
Remove Ads.
Support Sporcle.
Get the best of Sporcle when you Go Orange. This ad-free experience offers more features, more stats, and more fun while also helping to support Sporcle. Thank you for becoming a member.

Show Comments

Extras

Top Quizzes Today


Score Distribution

Your Account Isn't Verified!

In order to create a playlist on Sporcle, you need to verify the email address you used during registration. Go to your Sporcle Settings to finish the process.

Report this User

Report this user for behavior that violates our Community Guidelines.

Details: